000 00296nam a22001337a 4500
008 171005b xxu||||| |||| 00| 0 eng d
020 _a9781572300187
041 _aeng
080 _a159.9
100 _a49
101 _aPSI
245 _aEESENTIALPSYCHOTHERAPIES
_cGURMAN,A.S
942 _2udc
_cBK
999 _c32004
_d32004